000
00286nam a22001337a 4500
008
171013b xxu||||| |||| 00| 0 eng d
020
_a
9780072319927
041
_a
eng
080
_a
316
100
_a
51
101
_a
SCO
245
_a
PUBLIC PRIVATE
_c
CHERLIN.A.J
942
_2
udc
_c
BK
999
_c
33649
_d
33649